000 00539nam a2200217Ia 4500
003 OSt
005 20220928135550.0
006 a|||||r|||| 00| 0
007 ta
008 220927b |||||||| |||| 00| 0 eng d
024 _a3206
037 _cTextual
040 _aSDCL
_cSDCL
_beng
041 _2eng
_aeng
082 _aO-,1L88:g, M3
100 _aBold Alan Ed.
_9491595
245 0 _aByron
_b Wrath and rhyme
260 _c1983
942 _hO-,1L88:g, M3
_cTEXL
_2CC
999 _c807000
_d807000